<?xml version="1.0" encoding="UTF-8"?>
<record
    xmlns:xsi="http://www.w3.org/2001/XMLSchema-instance"
    xsi:schemaLocation="http://www.loc.gov/MARC21/slim http://www.loc.gov/standards/marcxml/schema/MARC21slim.xsd"
    xmlns="http://www.loc.gov/MARC21/slim">

  <leader>00470nam a22001577a 4500</leader>
  <controlfield tag="003">SGT</controlfield>
  <datafield tag="020" ind1=" " ind2=" ">
    <subfield code="a">9788196617127</subfield>
  </datafield>
  <datafield tag="082" ind1=" " ind2=" ">
    <subfield code="a">346.78094</subfield>
    <subfield code="b">JAI</subfield>
  </datafield>
  <datafield tag="100" ind1=" " ind2=" ">
    <subfield code="a">JAIN D K</subfield>
  </datafield>
  <datafield tag="245" ind1=" " ind2=" ">
    <subfield code="a">GUIDE TO INSOLVENCY &amp; BANKRUPTCY CODE </subfield>
    <subfield code="b">BASED ON THE INSOLVENCY &amp; BANKRUPTCY CODE 2016 AND RULES AND REGULATIONS NOTIFIED THEREUNDER ALONG WITH  COMMENTARY  AND CASE LAWS </subfield>
  </datafield>
  <datafield tag="250" ind1=" " ind2=" ">
    <subfield code="a">4</subfield>
  </datafield>
  <datafield tag="260" ind1=" " ind2=" ">
    <subfield code="a">NEW DELHI</subfield>
    <subfield code="b">BHARAT </subfield>
    <subfield code="c">2024</subfield>
  </datafield>
  <datafield tag="300" ind1=" " ind2=" ">
    <subfield code="a">2470</subfield>
  </datafield>
  <datafield tag="490" ind1=" " ind2=" ">
    <subfield code="a">I-II</subfield>
  </datafield>
  <datafield tag="942" ind1=" " ind2=" ">
    <subfield code="2">ddc</subfield>
    <subfield code="c">BK</subfield>
  </datafield>
  <datafield tag="952" ind1=" " ind2=" ">
    <subfield code="0">0</subfield>
    <subfield code="1">0</subfield>
    <subfield code="2">ddc</subfield>
    <subfield code="4">0</subfield>
    <subfield code="7">1</subfield>
    <subfield code="8">LAW</subfield>
    <subfield code="a">SSSL</subfield>
    <subfield code="b">SSSL</subfield>
    <subfield code="c">REF</subfield>
    <subfield code="d">2024-12-03</subfield>
    <subfield code="e">COMMERCIAL BOOK HOUSE</subfield>
    <subfield code="g">4195.00</subfield>
    <subfield code="h">I</subfield>
    <subfield code="i">SGTU</subfield>
    <subfield code="o">346.78094 JAI</subfield>
    <subfield code="p">FL3662</subfield>
    <subfield code="r">2024-12-03 00:00:00</subfield>
    <subfield code="w">2024-11-05</subfield>
    <subfield code="y">BK</subfield>
    <subfield code="k">994</subfield>
  </datafield>
  <datafield tag="952" ind1=" " ind2=" ">
    <subfield code="0">0</subfield>
    <subfield code="1">0</subfield>
    <subfield code="2">ddc</subfield>
    <subfield code="4">0</subfield>
    <subfield code="7">0</subfield>
    <subfield code="8">LAW</subfield>
    <subfield code="a">SSSL</subfield>
    <subfield code="b">SSSL</subfield>
    <subfield code="c">TXT</subfield>
    <subfield code="d">2024-12-03</subfield>
    <subfield code="e">COMMERCIAL BOOK HOUSE</subfield>
    <subfield code="g">4195.00</subfield>
    <subfield code="h">I</subfield>
    <subfield code="i">SGTU</subfield>
    <subfield code="o">346.78094 JAI</subfield>
    <subfield code="p">FL3664</subfield>
    <subfield code="r">2024-12-03 00:00:00</subfield>
    <subfield code="w">2024-11-05</subfield>
    <subfield code="y">BK</subfield>
    <subfield code="k">994</subfield>
  </datafield>
  <datafield tag="952" ind1=" " ind2=" ">
    <subfield code="0">0</subfield>
    <subfield code="1">0</subfield>
    <subfield code="2">ddc</subfield>
    <subfield code="4">0</subfield>
    <subfield code="7">1</subfield>
    <subfield code="8">LAW</subfield>
    <subfield code="a">SSSL</subfield>
    <subfield code="b">SSSL</subfield>
    <subfield code="c">REF</subfield>
    <subfield code="d">2024-12-03</subfield>
    <subfield code="e">COMMERCIAL BOOK HOUSE</subfield>
    <subfield code="g">4195.00</subfield>
    <subfield code="h">II</subfield>
    <subfield code="i">SGTU</subfield>
    <subfield code="o">346.78094 JAI</subfield>
    <subfield code="p">FL3663</subfield>
    <subfield code="r">2024-12-03 00:00:00</subfield>
    <subfield code="w">2024-11-05</subfield>
    <subfield code="y">BK</subfield>
    <subfield code="k">994</subfield>
  </datafield>
  <datafield tag="952" ind1=" " ind2=" ">
    <subfield code="0">0</subfield>
    <subfield code="1">0</subfield>
    <subfield code="2">ddc</subfield>
    <subfield code="4">0</subfield>
    <subfield code="7">0</subfield>
    <subfield code="8">LAW</subfield>
    <subfield code="a">SSSL</subfield>
    <subfield code="b">SSSL</subfield>
    <subfield code="c">TXT</subfield>
    <subfield code="d">2024-12-03</subfield>
    <subfield code="e">COMMERCIAL BOOK HOUSE</subfield>
    <subfield code="g">4195.00</subfield>
    <subfield code="h">II</subfield>
    <subfield code="i">SGTU</subfield>
    <subfield code="o">346.78094 JAI</subfield>
    <subfield code="p">FL3665</subfield>
    <subfield code="r">2024-12-03 00:00:00</subfield>
    <subfield code="w">2024-11-05</subfield>
    <subfield code="y">BK</subfield>
    <subfield code="k">994</subfield>
  </datafield>
  <datafield tag="999" ind1=" " ind2=" ">
    <subfield code="c">27932</subfield>
    <subfield code="d">27932</subfield>
  </datafield>
</record>
